000 01203nam0a22002411i 4500
001 rc\3576885
005 20240723223622.0
021 _aRU
_b[73-1543а]
035 _a(NLR Aleph) 007694868
090 _a6681175
_c6681175
100 _a20130115d1973 |||y0rusy50 ca
101 0 _arus
102 _aRU
105 _ay d |||||
200 1 _aОрганизация труда - фактор повышения его производительности в социалистическом сельском хозяйстве
_e(Методол. аспекты и соврем. методы анализа и проектирования)
_eАвтореф. дис. на соиск. учен. степени д-ра экон. наук
_e(08.00.01)
_fАкад. обществ. наук при ЦК КПСС. Кафедра полит. экономии и основ науч. упр. соц. экономикой
210 _aМосква
_d1973
215 _a80 с.
320 _aСписок работ авт.: с. 78-80 (20 назв.)
700 1 _aПенков
_bД.Д.
_gДимитр Димитров
801 0 _aRU
_bNLR
_gpsbo
801 1 _aRU
_bELAR
_2rusmarc
852 _aNLR
_j73-4/17208
942 _cBOOK